00329nam a2200121Ia 4500008004100000041000800041082001900049100002500068245004500093260002600138300003200164365001100196240624s9999 xx 000 0 und d aeng a658.407124 MOH aMOHAPATRA PRADIPTA K aARE YOU READY FOR THE CORNER OFFICE INSI c2014aNew DelhibSage axvii, : 283 : p. : cm. ; 23 cRSb38